A-006 台東区の町名 - Statistics

General Stats
  • This quiz has been taken 16 times
  • The average score is 11 of 34
Answers on the Map
Answers color-coded by a green-red scale on the quiz's map according to % correct below.
 
Answer Stats
Answer % Correct
03.浅草橋あさくさばし
63%
04.池之端いけのはた
63%
08.上野公園うえのこうえん
63%
01.秋葉原あきはばら
50%
02.浅草あさくさ
50%
09.上野桜木うえのさくらぎ
50%
19.台東たいとう
50%
30.三ノ輪みのわ
50%
32.谷中やなか
50%
07.上野うえの
38%
10.雷門かみなりもん
38%
11.北上野きたうえの
38%
13.蔵前くらまえ
38%
22.日本堤にほんづつみ
38%
23.根岸ねぎし
38%
25.花川戸はなかわど
38%
33.柳橋やなぎばし
38%
05.今戸いまど
25%
06.入谷いりや
25%
16.駒形こまがた
25%
17.下谷したや
25%
20.鳥越とりごえ
25%
21.西浅草にしあさくさ
25%
24.橋場はしば
25%
26.東浅草ひがしあさくさ
25%
27.東上野ひがしうえの
25%
31.元浅草もとあさくさ
25%
34.竜泉りゅうせん
25%
12.清川きよかわ
13%
14.小島こじま
13%
15.寿ことぶき
13%
18.千束せんぞく
13%
28.松が谷まつがや
13%
29.三筋みすじ
13%
No matching quizzes found
Score Distribution
Percent of People with Each Score
Percentile by Number Answered
Your Score History
You have not taken this quiz